000 00577nam a2200169 i 4500
001 76356
003 ES-MaACL
005 20230906172820.0
007 t|
008 030124s1905 fr ||||1| fre d
100 1 _aGuerville, A. B. de.
_960598
245 1 3 _aLa Nouvelle Egypte, ce qu'on dit, ce qu'on voit du Caire áa Fashoda /
_cA. B. de Guerville.
260 _aParís :
_bLibrairie Universelle,
_c[1905?]
300 _a47 p. :
_bil. ;
_c23 cm.
500 _aEs un folleto de propaganda de las características de publicación del libro.
852 _aES-MaACL
_jT-1098-F-5
999 _c76356
_d76356